| 000 -LEADER |
| fixed length control field |
01552cam a2200313 a 4500 |
| 001 - CONTROL NUMBER |
| control field |
15893219 |
| 005 - DATE AND TIME OF LATEST TRANSACTION |
| control field |
20170117164043.0 |
| 008 - FIXED-LENGTH DATA ELEMENTS--GENERAL INFORMATION |
| fixed length control field |
090903s2010 nyua bc 001 0 eng |
| 010 ## - LIBRARY OF CONGRESS CONTROL NUMBER |
| LC control number |
2009036852 |
| 020 ## - INTERNATIONAL STANDARD BOOK NUMBER |
| International Standard Book Number |
9781402762291 (alk. paper) |
| 050 00 - LIBRARY OF CONGRESS CALL NUMBER |
| Classification number |
NC765 .M385 2010 |
| Item number |
|
| 100 1# - MAIN ENTRY--PERSONAL NAME |
| Personal name |
McElhinney, James Lancel, |
| Dates associated with a name |
1952- |
| 245 10 - TITLE STATEMENT |
| Title |
Classical life drawing studio : |
| Remainder of title |
lessons & teachings in the art of figure drawing / |
| Statement of responsibility, etc. |
James Lancel McElhinney & the instructors of the Art Students League of New York ; foreword by Will Barnet. |
| 260 ## - PUBLICATION, DISTRIBUTION, ETC. (IMPRINT) |
| Place of publication, distribution, etc. |
New York : |
| Name of publisher, distributor, etc. |
Sterling, |
| Date of publication, distribution, etc. |
c2010. |
| 300 ## - PHYSICAL DESCRIPTION |
| Extent |
xvi, 207 p. : |
| Other physical details |
ill. (come col.) ; |
| Dimensions |
29 cm. |
| 504 ## - BIBLIOGRAPHY, ETC. NOTE |
| Bibliography, etc |
Includes bibliographical references (p. 197-200) and index. |
| 610 20 - SUBJECT ADDED ENTRY--CORPORATE NAME |
| Corporate name or jurisdiction name as entry element |
Art Students League (New York, N.Y.) |
| General subdivision |
Art collections |
| Form subdivision |
Catalogs. |
| 650 #0 - SUBJECT ADDED ENTRY--TOPICAL TERM |
| Topical term or geographic name as entry element |
Figurative drawing, American |
| Form subdivision |
Catalogs. |
| 650 #0 - SUBJECT ADDED ENTRY--TOPICAL TERM |
| Topical term or geographic name as entry element |
Human figure in art |
| Form subdivision |
Catalogs. |
| 650 #0 - SUBJECT ADDED ENTRY--TOPICAL TERM |
| Topical term or geographic name as entry element |
Drawing |
| General subdivision |
Private collections |
| Geographic subdivision |
New York (State) |
| -- |
New York |
| Form subdivision |
Catalogs. |
| 650 #0 - SUBJECT ADDED ENTRY--TOPICAL TERM |
| Topical term or geographic name as entry element |
Drawing |
| General subdivision |
Technique. |
| 710 2# - ADDED ENTRY--CORPORATE NAME |
| Corporate name or jurisdiction name as entry element |
Art Students League (New York, N.Y.) |
| 942 ## - ADDED ENTRY ELEMENTS (KOHA) |
| Source of classification or shelving scheme |
|
| Koha item type |
Hard Covered Materials |
| Classification part |
NC765 .M385 2010 |